000 00816nam a2200205 a 4500
003 0
005 20250412102210.0
008 970101s19uu xx 00 eng d
050 _aPGS HQ 728
_b.L284 2004
100 _aLangomez, Ma. Katrina N.
245 _aThe opinions of grade six students about broken families /
_cMa. Katrina N. Langomez.
260 _aLas PiƱas City, Philippines :
_bSouthville International School and Colleges,
_c2004.
300 _a24 pages :
_billustrations ;
_c28 cm.
504 _aIncludes bibliographical references.
650 _aChildren of divorced parents
_vPsychological aspects.
650 _aBroken homes
_vEffect on children.
650 _aDivorce
_vEffect on students' academic performance.
650 _aStudents
_vAttitudes toward family separation.
942 _2lcc
_cPASS
999 _c97008
_d97008